Normal view
MARC view
Entry Personal Name
001 - CONTROL NUMBER
- control field: 15890
003 - CONTROL NUMBER IDENTIFIER
- control field: dpl
005 - DATE AND TIME OF LATEST TRANSACTION
- control field: 20100821122411.0
008 - FIXED-LENGTH DATA ELEMENTS
- fixed length control field: 100821|||a|||||| | ||| d
040 ## - CATALOGING SOURCE
- Original cataloging agency: dpl
- Transcribing agency: dpl
100 ## - HEADING--PERSONAL NAME
- Personal name: Mohanakrishnan, H.
670 ## - SOURCE DATA FOUND
- Source citation: Work cat.: (dpl): Mohanakrishnan, H., Burrow biology and crop preference by field rodents in some parts of upper Nilgiris /, 2008
670 ## - SOURCE DATA FOUND
- Source citation: Work cat.: (dpl): Mohanakrishnan, H., Burrow biology and crop preference by field rodents in some parts of upper Nilgiris /, 2008
